[Event "ABC 2024 Utrecht, Groep B"]
[Site "Utrecht"]
[Date "2024.03.10"]
[Round "5.4"]
[White "Van Haaften, Jelle"]
[Black "Seth, Aakrit"]
[Result "0-1"]
[WhiteElo "1750"]
[BlackElo "1914"]

1. c4 {[%clk 00:55:18]} {[%emt 00:00:02]} e6 {[%clk 00:55:14]} {[%emt
00:00:06]} 2. Nc3 {[%clk 00:55:18]} {[%emt 00:00:09]} d5 {[%clk 00:55:08]}
{[%emt 00:00:15]} 3. e3 {[%clk 00:55:23]} {[%emt 00:00:05]} Nf6 {[%clk
00:55:04]} {[%emt 00:00:15]} 4. b3 {[%clk 00:55:25]} {[%emt 00:00:08]} Be7
{[%clk 00:54:20]} {[%emt 00:00:54]} 5. Nf3 {[%clk 00:55:29]} {[%emt 00:00:06]}
O-O {[%clk 00:54:08]} {[%emt 00:00:23]} 6. Bb2 {[%clk 00:55:35]} {[%emt
00:00:03]} b6 {[%clk 00:53:50]} {[%emt 00:00:28]} 7. Be2 {[%clk 00:55:35]}
{[%emt 00:00:10]} Bb7 {[%clk 00:53:46]} {[%emt 00:00:15]} 8. O-O {[%clk
00:55:34]} {[%emt 00:00:10]} Nbd7 {[%clk 00:53:20]} {[%emt 00:00:36]} 9. Qc2
{[%clk 00:55:25]} {[%emt 00:00:19]} c5 {[%clk 00:52:33]} {[%emt 00:00:56]} 10.
Rfd1 {[%clk 00:54:26]} {[%emt 00:01:09]} Rc8 {[%clk 00:51:58]} {[%emt
00:00:46]} 11. Rac1 {[%clk 00:54:19]} {[%emt 00:00:17]} Qc7 {[%clk 00:48:59]}
{[%emt 00:03:10]} 12. d4 {[%clk 00:48:39]} {[%emt 00:05:49]} dxc4 {[%clk
00:40:50]} {[%emt 00:08:19]} 13. bxc4 {[%clk 00:47:51]} {[%emt 00:00:58]} Bxf3
{[%clk 00:39:16]} {[%emt 00:01:44]} 14. Bxf3 {[%clk 00:47:40]} {[%emt
00:00:21]} cxd4 {[%clk 00:39:15]} {[%emt 00:00:10]} 15. Nb5 {[%clk 00:46:55]}
{[%emt 00:00:56]} Qb8 {[%clk 00:37:59]} {[%emt 00:01:25]} 16. Nxd4 {[%clk
00:46:27]} {[%emt 00:00:39]} Ne5 {[%clk 00:28:31]} {[%emt 00:09:38]} 17. Be2
{[%clk 00:43:53]} {[%emt 00:02:44]} Rfd8 {[%clk 00:25:12]} {[%emt 00:03:29]} 18.
Qa4 {[%clk 00:39:33]} {[%emt 00:04:31]} Nfd7 {[%clk 00:05:43]} {[%emt
00:19:39]} 19. f4 {[%clk 00:38:02]} {[%emt 00:01:40]} Nc5 {[%clk 00:05:44]}
{[%emt 00:00:10]} 20. Qc2 {[%clk 00:36:41]} {[%emt 00:01:31]} Nc6 {[%clk
00:04:45]} {[%emt 00:01:07]} 21. f5 {[%clk 00:33:55]} {[%emt 00:02:58]} Bg5
{[%clk 00:04:05]} {[%emt 00:00:48]} 22. Kf2 {[%clk 00:30:14]} {[%emt 00:03:52]}
Qxh2 {[%clk 00:03:46]} {[%emt 00:00:30]} 23. Nf3 {[%clk 00:29:59]} {[%emt
00:00:24]} Bh4+ {[%clk 00:03:06]} {[%emt 00:00:50]} 24. Nxh4 {[%clk 00:29:52]}
{[%emt 00:00:17]} Qxh4+ {[%clk 00:03:14]} {[%emt 00:00:01]} 25. Kg1 {[%clk
00:28:47]} {[%emt 00:01:16]} Ne4 {[%clk 00:03:16]} {[%emt 00:00:08]} 26. Bd3
{[%clk 00:28:09]} {[%emt 00:00:47]} Nb4 {[%clk 00:02:00]} {[%emt 00:01:25]} 27.
Qb3 {[%clk 00:25:46]} {[%emt 00:02:33]} Nxd3 {[%clk 00:02:06]} {[%emt
00:00:06]} 28. Rxd3 {[%clk 00:25:30]} {[%emt 00:00:27]} Rxd3 {[%clk 00:02:00]}
{[%emt 00:00:15]} 29. Qxd3 {[%clk 00:25:22]} {[%emt 00:00:18]} Qf2+ {[%clk
00:02:09]} 30. Kh2 {[%clk 00:25:11]} {[%emt 00:00:21]} Qxb2 {[%clk 00:02:09]}
{[%emt 00:00:10]} 31. Rd1 {[%clk 00:24:59]} {[%emt 00:00:23]} Qe5+ {[%clk
00:02:02]} {[%emt 00:00:16]} 32. Kg1 {[%clk 00:24:52]} {[%emt 00:00:17]} h6
{[%clk 00:01:52]} {[%emt 00:00:20]} 33. Qd7 {[%clk 00:23:41]} {[%emt 00:01:21]}
Qc7 {[%clk 00:01:29]} {[%emt 00:00:29]} 34. fxe6 {[%clk 00:20:12]} {[%emt
00:03:43]} Qxd7 {[%clk 00:01:38]} {[%emt 00:00:02]} 35. Rxd7 {[%clk 00:20:00]}
{[%emt 00:00:21]} fxe6 {[%clk 00:01:46]} {[%emt 00:00:02]} 36. Rxa7 {[%clk
00:19:50]} {[%emt 00:00:20]} Rxc4 {[%clk 00:01:54]} {[%emt 00:00:03]} 37. Ra6
{[%clk 00:19:30]} {[%emt 00:00:29]} Rc6 {[%clk 00:01:45]} {[%emt 00:00:08]} 38.
a4 {[%clk 00:19:33]} {[%emt 00:00:18]} Rd6 {[%clk 00:01:46]} {[%emt 00:00:08]}
39. g3 {[%clk 00:19:17]} {[%emt 00:00:27]} Kf7 {[%clk 00:01:49]} {[%emt
00:00:06]} 40. Kg2 {[%clk 00:19:23]} {[%emt 00:00:05]} Kf6 {[%clk 00:01:58]}
{[%emt 00:00:01]} 41. Kf3 {[%clk 00:18:58]} {[%emt 00:00:35]} Ke5 {[%clk
00:02:03]} {[%emt 00:00:04]} 42. Ra7 {[%clk 00:18:44]} {[%emt 00:00:25]} g6
{[%clk 00:01:53]} {[%emt 00:00:19]} 43. Rh7 {[%clk 00:18:24]} {[%emt 00:00:31]}
Ng5+ {[%emt 00:00:25]} 0-1

[Event "ABC 2024 Utrecht, Groep B"]
[Site "Utrecht"]
[Date "2024.03.10"]
[Round "5.5"]
[White "Frederiks, Jesse"]
[Black "Winter, Sven"]
[Result "0-1"]
[WhiteElo "1893"]
[BlackElo "1864"]

1. d4 {[%clk 00:55:18]} {[%emt 00:00:02]} Nf6 {[%clk 00:54:54]} {[%emt
00:00:26]} 2. c4 {[%clk 00:55:22]} {[%emt 00:00:05]} e6 {[%clk 00:55:01]}
{[%emt 00:00:04]} 3. Nf3 {[%clk 00:55:12]} {[%emt 00:00:19]} d5 {[%clk
00:55:02]} {[%emt 00:00:10]} 4. Nc3 {[%clk 00:55:01]} {[%emt 00:00:22]} Be7
{[%clk 00:55:02]} {[%emt 00:00:09]} 5. Bg5 {[%clk 00:54:50]} {[%emt 00:00:21]}
c5 {[%clk 00:54:27]} {[%emt 00:00:45]} 6. cxd5 {[%clk 00:53:24]} {[%emt
00:01:36]} cxd4 {[%clk 00:52:33]} {[%emt 00:02:05]} 7. Nxd4 {[%clk 00:51:03]}
{[%emt 00:02:30]} exd5 {[%clk 00:51:29]} {[%emt 00:01:14]} 8. e3 {[%clk
00:49:57]} {[%emt 00:01:17]} Nc6 {[%clk 00:51:06]} {[%emt 00:00:32]} 9. Bb5
{[%clk 00:48:45]} {[%emt 00:01:21]} Bd7 {[%clk 00:50:22]} {[%emt 00:00:54]} 10.
O-O {[%clk 00:42:28]} {[%emt 00:06:28]} O-O {[%clk 00:50:03]} {[%emt 00:00:29]}
11. Bxf6 {[%clk 00:40:07]} {[%emt 00:02:31]} Bxf6 {[%clk 00:48:34]} {[%emt
00:01:39]} 12. Nxd5 {[%clk 00:38:56]} {[%emt 00:01:21]} Bxd4 {[%clk 00:47:09]}
{[%emt 00:01:35]} 13. exd4 {[%clk 00:38:18]} {[%emt 00:00:48]} Qg5 {[%clk
00:45:11]} {[%emt 00:02:08]} 14. Nc3 {[%clk 00:34:09]} {[%emt 00:04:20]} Rad8
{[%clk 00:42:50]} {[%emt 00:02:30]} 15. d5 {[%clk 00:27:39]} {[%emt 00:06:40]}
Be6 {[%clk 00:34:28]} {[%emt 00:08:32]} 16. f4 {[%clk 00:23:20]} {[%emt
00:04:30]} Qe7 {[%clk 00:34:00]} {[%emt 00:00:37]} 17. Bxc6 {[%clk 00:16:13]}
{[%emt 00:07:18]} bxc6 {[%clk 00:31:46]} {[%emt 00:02:23]} 18. Qf3 {[%clk
00:14:20]} {[%emt 00:02:03]} Bxd5 {[%clk 00:30:04]} {[%emt 00:01:52]} 19. Nxd5
{[%clk 00:14:14]} {[%emt 00:00:17]} Rxd5 {[%clk 00:29:54]} {[%emt 00:00:19]} 20.
Rac1 {[%clk 00:13:23]} {[%emt 00:01:01]} Rfd8 {[%clk 00:27:56]} {[%emt
00:02:08]} 21. Rxc6 {[%clk 00:09:10]} {[%emt 00:04:24]} Qd7 {[%clk 00:24:28]}
{[%emt 00:03:37]} 22. Rfc1 {[%clk 00:07:46]} {[%emt 00:01:35]} Rd3 {[%clk
00:23:01]} {[%emt 00:01:36]} 23. Qf1 {[%clk 00:04:32]} {[%emt 00:03:25]} Rd2
{[%clk 00:20:55]} {[%emt 00:02:16]} 24. Rc7 {[%clk 00:03:37]} {[%emt 00:01:05]}
Qd4+ {[%clk 00:20:07]} {[%emt 00:00:57]} 25. Kh1 {[%clk 00:03:46]} {[%emt
00:00:02]} Qxb2 {[%clk 00:18:17]} {[%emt 00:02:00]} 26. Rc8 {[%clk 00:03:30]}
{[%emt 00:00:26]} Qxa2 {[%clk 00:15:20]} {[%emt 00:03:06]} 27. Qe1 {[%clk
00:03:20]} {[%emt 00:00:21]} Kf8 {[%clk 00:11:44]} {[%emt 00:03:45]} 28. Rxd8+
{[%clk 00:00:59]} {[%emt 00:02:31]} Rxd8 {[%clk 00:11:46]} {[%emt 00:00:08]} 29.
Qb4+ {[%clk 00:01:03]} {[%emt 00:00:06]} Kg8 {[%clk 00:10:35]} {[%emt
00:01:22]} 30. Qd6 {[%clk 00:00:20]} {[%emt 00:00:54]} Qa5 {[%clk 00:08:31]}
{[%emt 00:02:12]} 31. Qe7 {[%clk 00:00:18]} {[%emt 00:00:13]} Qd2 {[%clk
00:06:27]} {[%emt 00:02:14]} 32. Re1 {[%clk 00:00:27]} {[%emt 00:00:01]} h6
{[%clk 00:06:00]} {[%emt 00:00:37]} 33. h3 {[%clk 00:00:31]} {[%emt 00:00:06]}
Qd7 {[%clk 00:05:33]} {[%emt 00:00:37]} 34. Qxd7 {[%clk 00:00:22]} {[%emt
00:00:19]} Rxd7 {[%clk 00:05:35]} {[%emt 00:00:07]} 35. Re8+ {[%clk 00:00:31]}
{[%emt 00:00:02]} Kh7 {[%clk 00:05:07]} {[%emt 00:00:38]} 36. Ra8 {[%clk
00:00:39]} {[%emt 00:00:02]} Rd1+ {[%clk 00:05:04]} {[%emt 00:00:13]} 37. Kh2
{[%clk 00:00:46]} {[%emt 00:00:03]} Ra1 {[%clk 00:05:12]} {[%emt 00:00:01]} 38.
Kg3 {[%clk 00:00:49]} {[%emt 00:00:08]} Kg6 {[%clk 00:05:09]} {[%emt 00:00:13]}
39. Kg4 {[%clk 00:00:38]} {[%emt 00:00:20]} Ra4 {[%clk 00:04:24]} {[%emt
00:00:56]} 40. g3 {[%clk 00:00:29]} {[%emt 00:00:19]} f6 {[%clk 00:03:17]}
{[%emt 00:01:18]} 41. h4 {[%clk 00:00:23]} {[%emt 00:00:16]} h5+ {[%clk
00:03:11]} {[%emt 00:00:15]} 42. Kh3 {[%clk 00:00:29]} {[%emt 00:00:04]} Ra1
{[%clk 00:02:56]} {[%emt 00:00:25]} 43. Kg2 {[%clk 00:00:25]} {[%emt 00:00:13]}
Kf5 {[%clk 00:02:48]} {[%emt 00:00:18]} 44. Rg8 {[%clk 00:00:28]} {[%emt
00:00:08]} g6 {[%clk 00:02:29]} {[%emt 00:00:29]} 45. Ra8 {[%clk 00:00:28]}
{[%emt 00:00:10]} Kg4 {[%clk 00:02:21]} {[%emt 00:00:17]} 46. Rg8 {[%clk
00:00:35]} {[%emt 00:00:04]} Ra2+ {[%clk 00:02:29]} {[%emt 00:00:01]} 47. Kf1
{[%clk 00:00:39]} {[%emt 00:00:06]} Kxg3 {[%clk 00:00:23]} {[%emt 00:02:17]} 48.
Rxg6+ {[%clk 00:00:31]} {[%emt 00:00:18]} Kf3 {[%clk 00:00:14]} {[%emt
00:00:18]} 49. Kg1 {[%clk 00:00:28]} {[%emt 00:00:13]} f5 {[%clk 00:00:14]}
{[%emt 00:00:11]} 50. Rg5 {[%clk 00:00:30]} {[%emt 00:00:07]} Kxf4 {[%clk
00:00:15]} {[%emt 00:00:09]} 51. Rxh5 {[%clk 00:00:38]} {[%emt 00:00:03]} Ra5
{[%clk 00:00:12]} {[%emt 00:00:12]} 52. Rg5 {[%clk 00:00:44]} {[%emt 00:00:04]}
Rd5 {[%clk 00:00:15]} {[%emt 00:00:08]} 53. Rg2 {[%clk 00:00:47]} {[%emt
00:00:06]} Rd8 {[%clk 00:00:15]} {[%emt 00:00:10]} 54. Ra2 {[%clk 00:00:43]}
{[%emt 00:00:14]} Rd7 {[%clk 00:00:19]} {[%emt 00:00:08]} 55. Ra4+ {[%clk
00:00:32]} {[%emt 00:00:20]} Kg3 {[%clk 00:00:21]} {[%emt 00:00:07]} 56. Kf1
{[%clk 00:00:29]} {[%emt 00:00:13]} f4 {[%clk 00:00:27]} {[%emt 00:00:05]} 57.
h5 {[%clk 00:00:27]} {[%emt 00:00:12]} f3 {[%clk 00:00:31]} {[%emt 00:00:04]}
58. Ra1 {[%clk 00:00:35]} {[%emt 00:00:03]} Rh7 {[%clk 00:00:15]} {[%emt
00:00:25]} 59. Ra5 {[%clk 00:00:27]} {[%emt 00:00:19]} Rf7 {[%emt 00:00:16]} 60.
h6 {[%clk 00:00:30]} {[%emt 00:00:06]} Rc7 {[%clk 00:00:13]} {[%emt 00:00:08]}
61. Ra1 {[%clk 00:00:36]} {[%emt 00:00:04]} Rf7 {[%clk 00:00:11]} {[%emt
00:00:11]} 62. Ra3 {[%clk 00:00:27]} {[%emt 00:00:19]} Kf4 {[%clk 00:00:11]}
{[%emt 00:00:11]} 63. Ra4+ {[%clk 00:00:30]} {[%emt 00:00:07]} Kg5 {[%clk
00:00:19]} {[%emt 00:00:01]} 64. Kf2 {[%clk 00:00:24]} {[%emt 00:00:17]} Kxh6
{[%clk 00:00:14]} {[%emt 00:00:14]} 65. Ra3 {[%clk 00:00:29]} {[%emt 00:00:05]}
Rb7 {[%clk 00:00:12]} {[%emt 00:00:12]} 66. Kxf3 {[%clk 00:00:33]} {[%emt
00:00:07]} Kg5 {[%clk 00:00:20]} {[%emt 00:00:01]} 67. Ke4 {[%clk 00:00:40]}
{[%emt 00:00:04]} Kf6 {[%clk 00:00:26]} {[%emt 00:00:04]} 68. Kd5 {[%clk
00:00:49]} Ke7 {[%clk 00:00:26]} {[%emt 00:00:09]} 69. Kc6 {[%clk 00:00:58]}
Rd7 {[%clk 00:00:12]} {[%emt 00:00:25]} 70. Re3+ {[%clk 00:00:55]} {[%emt
00:00:13]} Kd8 {[%clk 00:00:13]} {[%emt 00:00:07]} 71. Rh3 {[%clk 00:00:54]}
{[%emt 00:00:12]} Kc8 {[%clk 00:00:12]} {[%emt 00:00:11]} 72. Rh8+ {[%clk
00:00:46]} {[%emt 00:00:19]} Rd8 {[%clk 00:00:21]} 73. Rh7 {[%clk 00:00:54]}
{[%emt 00:00:02]} Kb8 {[%clk 00:00:13]} {[%emt 00:00:17]} 74. Rb7+ {[%clk
00:00:58]} {[%emt 00:00:07]} Ka8 {[%clk 00:00:12]} {[%emt 00:00:10]} 75. Rb1
{[%clk 00:00:43]} {[%emt 00:00:24]} Rf8 {[%clk 00:00:12]} {[%emt 00:00:11]} 76.
Kc7 {[%clk 00:00:42]} {[%emt 00:00:12]} a5 {[%clk 00:00:12]} {[%emt 00:00:10]}
77. Kb6 {[%clk 00:00:42]} {[%emt 00:00:09]} Rb8+ {[%clk 00:00:21]} {[%emt
00:00:03]} 78. Kxa5 {[%clk 00:00:42]} {[%emt 00:00:10]} Rxb1 {[%clk 00:00:29]}
{[%emt 00:00:02]} 79. Ka6 {[%clk 00:00:50]} Kb8 {[%clk 00:00:36]} {[%emt
00:00:02]} 80. Ka5 {[%clk 00:00:59]} {[%emt 00:00:01]} Kc7 {[%clk 00:00:45]} 81.
Ka6 {[%clk 00:01:08]} {[%emt 00:00:02]} Kc6 {[%clk 00:00:49]} {[%emt 00:00:06]}
82. Ka5 {[%clk 00:01:16]} {[%emt 00:00:01]} Rb8 {[%clk 00:00:55]} {[%emt
00:00:04]} 83. Ka4 {[%clk 00:01:25]} {[%emt 00:00:02]} Kc5 {[%clk 00:01:04]}
0-1

[Event "ABC 2024 Utrecht, Groep B"]
[Site "Utrecht"]
[Date "2024.03.10"]
[Round "5.6"]
[White "Blok, Xaveer"]
[Black "Okita, Shinsaku"]
[Result "1-0"]
[WhiteElo "1884"]
[BlackElo "1833"]

1. e4 {[%clk 00:55:17]} {[%emt 00:00:01]} c5 {[%clk 00:55:15]} {[%emt
00:00:05]} 2. c3 {[%clk 00:55:23]} {[%emt 00:00:05]} g6 {[%clk 00:55:21]}
{[%emt 00:00:05]} 3. d4 {[%clk 00:55:21]} {[%emt 00:00:11]} cxd4 {[%clk
00:55:26]} {[%emt 00:00:05]} 4. cxd4 {[%clk 00:55:25]} {[%emt 00:00:05]} d5
{[%clk 00:55:30]} {[%emt 00:00:06]} 5. e5 {[%clk 00:50:06]} {[%emt 00:05:29]}
Nc6 {[%clk 00:55:23]} {[%emt 00:00:18]} 6. Nc3 {[%clk 00:49:05]} {[%emt
00:01:10]} a6 {[%clk 00:54:12]} {[%emt 00:01:22]} 7. Be3 {[%clk 00:48:09]}
{[%emt 00:01:05]} Bg7 {[%clk 00:54:11]} {[%emt 00:00:12]} 8. Bd3 {[%clk
00:47:11]} {[%emt 00:01:07]} Nh6 {[%clk 00:53:14]} {[%emt 00:01:08]} 9. Nf3
{[%clk 00:45:21]} {[%emt 00:01:59]} Bf5 {[%clk 00:50:05]} {[%emt 00:03:20]} 10.
Bxf5 {[%clk 00:40:16]} {[%emt 00:05:15]} Nxf5 {[%clk 00:49:57]} {[%emt
00:00:18]} 11. Qb3 {[%clk 00:39:31]} {[%emt 00:00:54]} e6 {[%clk 00:47:23]}
{[%emt 00:02:44]} 12. Qxb7 {[%clk 00:38:29]} {[%emt 00:01:11]} Na5 {[%clk
00:44:24]} {[%emt 00:03:10]} 13. Qb4 {[%clk 00:37:33]} {[%emt 00:01:05]} Nc4
{[%clk 00:44:02]} {[%emt 00:00:34]} 14. Bc1 {[%clk 00:35:10]} {[%emt 00:02:32]}
a5 {[%clk 00:43:09]} {[%emt 00:01:05]} 15. Qa4+ {[%clk 00:33:07]} {[%emt
00:02:12]} Qd7 {[%clk 00:41:51]} {[%emt 00:01:28]} 16. Qxd7+ {[%clk 00:33:06]}
{[%emt 00:00:10]} Kxd7 {[%clk 00:41:57]} {[%emt 00:00:05]} 17. b3 {[%clk
00:32:57]} {[%emt 00:00:18]} Nb6 {[%clk 00:41:58]} {[%emt 00:00:10]} 18. Bb2
{[%clk 00:30:50]} {[%emt 00:02:17]} h6 {[%clk 00:41:10]} {[%emt 00:00:58]} 19.
Kd2 {[%clk 00:27:50]} {[%emt 00:03:10]} Rhb8 {[%clk 00:40:02]} {[%emt
00:01:18]} 20. Rhc1 {[%clk 00:20:29]} {[%emt 00:07:30]} a4 {[%clk 00:39:44]}
{[%emt 00:00:29]} 21. Ne2 {[%clk 00:07:12]} {[%emt 00:13:27]} Bf8 {[%clk
00:38:27]} {[%emt 00:01:27]} 22. Bc3 {[%clk 00:05:58]} {[%emt 00:01:23]} h5
{[%clk 00:38:03]} {[%emt 00:00:35]} 23. Ng5 {[%clk 00:05:16]} {[%emt 00:00:51]}
Ke8 {[%clk 00:36:45]} {[%emt 00:01:29]} 24. Rcb1 {[%clk 00:04:51]} {[%emt
00:00:34]} a3 {[%clk 00:35:00]} {[%emt 00:01:56]} 25. Rc1 {[%clk 00:04:08]}
{[%emt 00:00:52]} Be7 {[%clk 00:33:40]} {[%emt 00:01:31]} 26. f4 {[%clk
00:03:52]} {[%emt 00:00:26]} Rc8 {[%clk 00:32:43]} {[%emt 00:01:08]} 27. Kd3
{[%clk 00:03:52]} {[%emt 00:00:10]} Nd7 {[%clk 00:29:26]} {[%emt 00:03:26]} 28.
Bd2 {[%clk 00:03:38]} {[%emt 00:00:24]} Nh6 {[%clk 00:27:31]} {[%emt 00:02:05]}
29. Nf3 {[%clk 00:03:17]} {[%emt 00:00:31]} Ng4 {[%clk 00:27:05]} {[%emt
00:00:35]} 30. Nc3 {[%clk 00:02:43]} {[%emt 00:00:45]} Nb6 {[%clk 00:25:34]}
{[%emt 00:01:42]} 31. h3 {[%clk 00:01:52]} {[%emt 00:01:00]} Nh6 {[%clk
00:25:39]} {[%emt 00:00:05]} 32. Nb5 {[%clk 00:01:27]} {[%emt 00:00:35]} Nf5
{[%clk 00:24:58]} {[%emt 00:00:50]} 33. Nc7+ {[%clk 00:01:16]} {[%emt
00:00:22]} Kd8 {[%clk 00:24:52]} {[%emt 00:00:16]} 34. Nxa8 {[%clk 00:01:24]}
{[%emt 00:00:01]} Rxa8 {[%clk 00:24:47]} {[%emt 00:00:16]} 35. Rc6 {[%clk
00:01:07]} {[%emt 00:00:23]} Nc8 {[%clk 00:22:36]} {[%emt 00:02:24]} 36. Rac1
{[%clk 00:01:16]} {[%emt 00:00:02]} Na7 {[%clk 00:21:26]} {[%emt 00:01:21]} 37.
Ba5+ {[%clk 00:01:12]} {[%emt 00:00:14]} Ke8 {[%clk 00:21:15]} {[%emt
00:00:21]} 38. Ra6 {[%clk 00:01:18]} {[%emt 00:00:04]} Bd8 {[%clk 00:20:28]}
{[%emt 00:00:57]} 39. Bxd8 {[%clk 00:01:25]} {[%emt 00:00:02]} Kxd8 {[%clk
00:20:28]} {[%emt 00:00:09]} 40. Rc5 {[%clk 00:01:29]} {[%emt 00:00:07]} Ne7
{[%clk 00:20:20]} {[%emt 00:00:19]} 41. Rca5 {[%clk 00:01:19]} {[%emt
00:00:19]} Nec8 {[%clk 00:20:10]} {[%emt 00:00:20]} 42. Ng5 {[%clk 00:01:07]}
{[%emt 00:00:22]} Ke7 {[%clk 00:19:26]} {[%emt 00:00:55]} 43. b4 {[%clk
00:01:04]} {[%emt 00:00:13]} Rb8 {[%clk 00:19:12]} {[%emt 00:00:24]} 44. Rxa7+
{[%clk 00:01:09]} {[%emt 00:00:04]} Nxa7 {[%clk 00:19:08]} {[%emt 00:00:14]} 45.
Rxa7+ {[%clk 00:01:18]} {[%emt 00:00:02]} Ke8 {[%clk 00:19:18]} 46. Kc3 {[%clk
00:01:21]} {[%emt 00:00:06]} Rc8+ {[%clk 00:19:16]} {[%emt 00:00:12]} 47. Kb3
{[%clk 00:01:29]} {[%emt 00:00:02]} Rc4 {[%clk 00:19:08]} {[%emt 00:00:18]} 48.
b5 {[%clk 00:01:19]} {[%emt 00:00:20]} Rxd4 {[%clk 00:19:00]} {[%emt 00:00:19]}
49. b6 {[%clk 00:01:25]} {[%emt 00:00:03]} Kd8 {[%clk 00:19:00]} {[%emt
00:00:10]} 50. Nxf7+ {[%clk 00:01:30]} {[%emt 00:00:05]} Kc8 {[%clk 00:19:08]}
{[%emt 00:00:02]} 51. Nd6+ {[%clk 00:01:37]} {[%emt 00:00:02]} Kd8 {[%clk
00:19:13]} {[%emt 00:00:06]} 52. Nf7+ {[%clk 00:01:39]} {[%emt 00:00:08]} Kc8
{[%clk 00:19:17]} {[%emt 00:00:06]} 53. Nd6+ {[%clk 00:01:47]} {[%emt
00:00:02]} Kd8 {[%clk 00:19:21]} {[%emt 00:00:06]} 54. Ra8+ {[%clk 00:01:52]}
{[%emt 00:00:04]} Kd7 {[%clk 00:19:22]} {[%emt 00:00:10]} 55. b7 {[%clk
00:01:52]} {[%emt 00:00:10]} 1-0

[Event "ABC 2024 Utrecht, Groep B"]
[Site "Utrecht"]
[Date "2024.03.10"]
[Round "5.7"]
[White "Teianu, Sabin"]
[Black "Rantz, Thomas"]
[Result "1-0"]
[WhiteElo "1938"]
[BlackElo "1632"]

1. d4 {[%clk 00:55:17]} {[%emt 00:00:02]} d5 {[%clk 00:55:06]} {[%emt
00:00:14]} 2. c4 {[%clk 00:55:23]} {[%emt 00:00:04]} e6 {[%clk 00:55:08]}
{[%emt 00:00:09]} 3. Nc3 {[%clk 00:55:29]} {[%emt 00:00:03]} Nf6 {[%clk
00:55:10]} {[%emt 00:00:09]} 4. Bf4 {[%clk 00:55:34]} {[%emt 00:00:04]} c6
{[%clk 00:54:43]} {[%emt 00:00:38]} 5. c5 {[%clk 00:55:39]} {[%emt 00:00:05]}
Be7 {[%clk 00:53:59]} {[%emt 00:00:54]} 6. e3 {[%clk 00:55:44]} {[%emt
00:00:04]} Nbd7 {[%clk 00:53:44]} {[%emt 00:00:26]} 7. Be2 {[%clk 00:54:44]}
{[%emt 00:01:09]} h6 {[%clk 00:53:09]} {[%emt 00:00:46]} 8. h3 {[%clk
00:54:43]} {[%emt 00:00:10]} b6 {[%clk 00:51:15]} {[%emt 00:02:04]} 9. b4
{[%clk 00:54:47]} {[%emt 00:00:06]} Bb7 {[%clk 00:50:27]} {[%emt 00:00:59]} 10.
Nf3 {[%clk 00:54:37]} {[%emt 00:00:19]} b5 {[%clk 00:50:03]} {[%emt 00:00:35]}
11. O-O {[%clk 00:54:25]} {[%emt 00:00:22]} O-O {[%clk 00:50:01]} {[%emt
00:00:13]} 12. a4 {[%clk 00:53:00]} {[%emt 00:01:33]} a6 {[%clk 00:49:59]}
{[%emt 00:00:13]} 13. axb5 {[%clk 00:53:00]} {[%emt 00:00:10]} axb5 {[%clk
00:50:04]} {[%emt 00:00:06]} 14. Qc2 {[%clk 00:52:52]} {[%emt 00:00:17]} Re8
{[%clk 00:46:42]} {[%emt 00:03:31]} 15. Qb2 {[%clk 00:49:19]} {[%emt 00:03:43]}
Nb8 {[%clk 00:42:42]} {[%emt 00:04:11]} 16. Rxa8 {[%clk 00:48:38]} {[%emt
00:00:50]} Bxa8 {[%clk 00:42:45]} {[%emt 00:00:08]} 17. Ra1 {[%clk 00:45:15]}
{[%emt 00:03:33]} Bb7 {[%clk 00:42:42]} {[%emt 00:00:13]} 18. Ra7 {[%clk
00:44:38]} {[%emt 00:00:46]} Qc8 {[%clk 00:42:26]} {[%emt 00:00:24]} 19. Ra1
{[%clk 00:41:20]} {[%emt 00:03:27]} Nh5 {[%clk 00:40:31]} {[%emt 00:02:08]} 20.
Bh2 {[%clk 00:41:03]} {[%emt 00:00:27]} Nf6 {[%clk 00:40:24]} {[%emt 00:00:18]}
21. Nd2 {[%clk 00:40:44]} {[%emt 00:00:29]} Rd8 {[%clk 00:38:46]} {[%emt
00:01:48]} 22. e4 {[%clk 00:35:57]} {[%emt 00:04:57]} dxe4 {[%clk 00:37:30]}
{[%emt 00:01:26]} 23. Ncxe4 {[%clk 00:36:00]} {[%emt 00:00:06]} Ne8 {[%clk
00:35:40]} {[%emt 00:02:01]} 24. Nf3 {[%clk 00:29:42]} {[%emt 00:06:27]} Bf6
{[%clk 00:33:40]} {[%emt 00:02:11]} 25. Nxf6+ {[%clk 00:29:41]} {[%emt
00:00:11]} Nxf6 {[%clk 00:33:48]} {[%emt 00:00:01]} 26. Be5 {[%clk 00:28:27]}
{[%emt 00:01:23]} Nfd7 {[%clk 00:32:25]} {[%emt 00:01:36]} 27. Bd6 {[%clk
00:28:06]} {[%emt 00:00:30]} Re8 {[%clk 00:27:31]} {[%emt 00:05:04]} 28. Bd3
{[%clk 00:25:11]} {[%emt 00:03:05]} Nf6 {[%clk 00:25:37]} {[%emt 00:02:04]} 29.
Ne5 {[%clk 00:21:28]} {[%emt 00:03:52]} Nfd7 {[%clk 00:25:01]} {[%emt
00:00:47]} 30. Qe2 {[%clk 00:21:16]} {[%emt 00:00:21]} Nxe5 {[%clk 00:24:36]}
{[%emt 00:00:37]} 31. dxe5 {[%clk 00:20:53]} {[%emt 00:00:33]} Na6 {[%clk
00:23:41]} {[%emt 00:01:05]} 32. Qe4 {[%clk 00:20:54]} {[%emt 00:00:08]} g6
{[%clk 00:23:11]} {[%emt 00:00:41]} 33. h4 {[%clk 00:20:33]} {[%emt 00:00:30]}
Kh7 {[%clk 00:21:34]} {[%emt 00:01:46]} 34. h5 {[%clk 00:20:17]} {[%emt
00:00:27]} Rg8 {[%clk 00:21:39]} {[%emt 00:00:04]} 35. Ra3 {[%clk 00:20:03]}
{[%emt 00:00:23]} Nc7 {[%clk 00:21:17]} {[%emt 00:00:35]} 36. Bxc7 {[%clk
00:17:38]} {[%emt 00:02:33]} Qxc7 {[%clk 00:21:26]} 37. Bc2 {[%clk 00:17:38]}
{[%emt 00:00:12]} Qd8 {[%clk 00:19:12]} {[%emt 00:02:25]} 38. Rf3 {[%clk
00:16:07]} {[%emt 00:01:33]} Qe8 {[%clk 00:16:50]} {[%emt 00:02:39]} 39. Rf6
{[%clk 00:15:55]} {[%emt 00:00:21]} Rg7 {[%clk 00:15:57]} {[%emt 00:01:04]} 40.
Kh2 {[%clk 00:15:06]} {[%emt 00:00:59]} Rg8 {[%clk 00:15:38]} {[%emt 00:00:29]}
41. Qf3 {[%clk 00:14:56]} {[%emt 00:00:20]} Rg7 {[%clk 00:15:08]} {[%emt
00:00:40]} 42. Qe4 {[%clk 00:07:45]} {[%emt 00:07:20]} Rg8 {[%clk 00:14:54]}
{[%emt 00:00:25]} 43. g4 {[%clk 00:07:49]} {[%emt 00:00:05]} Rg7 {[%clk
00:13:36]} {[%emt 00:01:29]} 44. Kg1 {[%clk 00:05:18]} {[%emt 00:02:41]} Rg8
{[%clk 00:13:38]} {[%emt 00:00:09]} 45. Qf3 {[%clk 00:05:09]} {[%emt 00:00:18]}
Rg7 {[%clk 00:13:23]} {[%emt 00:00:25]} 46. g5 {[%clk 00:05:10]} {[%emt
00:00:09]} hxg5 {[%clk 00:12:03]} {[%emt 00:01:31]} 47. h6 {[%clk 00:05:12]}
{[%emt 00:00:07]} Rg8 {[%clk 00:11:24]} {[%emt 00:00:49]} 48. Rxf7+ {[%clk
00:05:08]} {[%emt 00:00:14]} Kh8 {[%clk 00:11:27]} {[%emt 00:00:08]} 49. Qf6+
{[%clk 00:05:04]} {[%emt 00:00:13]} 1-0